Négocier le littoral (notice n° 30208)
[ vue normale ]
| 000 -LEADER | |
|---|---|
| fixed length control field | 00640nam a2200241Ia 4500 |
| 040 ## - SOURCE DU CATALOGAGE | |
| Origine cataloguage | BC-EPAU |
| 041 10 - CODE DE LANGUE | |
| Langue | Français |
| 100 ## - VEDETTE PRINCIPALE - AUTEUR PRINCIPAL | |
| Auteur | OUROUA , Meriem Imene |
| 245 10 - MENTION DU TITRE | |
| Titre | Négocier le littoral |
| Complément de titre | Pour un surf hub sur la cote de Ain Benian |
| 260 ## - PUBLICATION, DIFFUSION, ETC. (ADRESSE BIBLIOGRAPHIQUE) | |
| Lieu d'édition | EPAU |
| Nom de l'éditeur | EPAU |
| Année d'édition | 2018 |
| 300 ## - DESCRIPTION MATÉRIELLE | |
| Nombre de pages | 88 p. |
| Illustration | Ill. en coul., fig. |
| Format | 25 cm. |
| Matériel d'accompagnement | CD |
| 700 ## - DIRECTEUR DE THÈSE | |
| NOM et Prenom | FERAHTA, Latifa |
| Fonction | Rapporteur |
| 700 ## - DIRECTEUR DE THÈSE | |
| NOM et Prenom | ZEROUAL, Lotfi |
| Fonction | Rapporteur |
| 942 10 - DETAILS SUPPLEMENTAIRES | |
| Type document | Rapport PFE |
| Famille/Sous-Famille | RAPPORT DU PROJET DE FIN D'ETUDES --> VILLE, URBANISME ET DEVELOPPEMENT DURABLE |
| Cote | 7/0172 |
| 994 ## - Code Document | |
| Code | 42010172 |
| 502 ## - NOTE : PFE / Mémoire / Thèse | |
| notes | Rapport PFE |
| 520 10 - RÉSUMÉ, ETC. | |
| Résumé | |
| 653 ## - DESCRIPTEUR LIBRE | |
| Mots clés libres | Littorale |
| 653 ## - DESCRIPTEUR LIBRE | |
| Mots clés libres | Aménagement |
| 653 ## - DESCRIPTEUR LIBRE | |
| Mots clés libres | Urbanisme |
| 653 ## - DESCRIPTEUR LIBRE | |
| Mots clés libres | Ain Benian |
| Lieu de Stockage Actuel | N° Inventaire | Cote | Code à Barre | Type Document | Ancienne cote |
|---|---|---|---|---|---|
| Bibliothèque Centrale | 33739 | 42010172001 | 42010172001 | Rapport PFE | Cote: 7/0172 |